【プロ野球】 東北楽天ゴールデンイーグルス 旧応援歌 - Statistics

General Stats
  • This quiz has been taken 47 times
  • The average score is 25 of 34
Answer Stats
応援歌 選手名 % Correct
GO!GO!〇〇 GO!GO!〇〇〇〇 〇〇〇〇 GO!GO!〇〇 田中和基
98%
勝利を信じて ひたむきに進め 終わり無き道を今 駆け抜けろ〇〇 藤田一也
95%
溢れるパワー 見せつけろ闘志戦うのさ いざ逞しく ぶっ飛ばせさぁ 〇〇 ウィーラー
95%
打て!力強く 無我夢中で振り抜け 行け!魅せろ 勝利に 繋がるその一撃 島内宏明
95%
遥か目指す一打 狙い定めて 輝く勝利の道 切り拓け 西川遥輝
93%
栄光つかむために 目の前の敵に立ち向かえ勝利決めるスイングで 〇〇〇〇 共に行こう 枡田慎太郎
93%
さあ魅せろ 〇〇〇〇 鍛え上げたフルスイングで輝く栄光 その手で掴め この一打に想い乗せ ともに行こう 夢の先へ 〇〇〇〇 〇〇〇〇 勝利に向かって フルスイング 高み目指す想い 全力で解き放て 限り無く強い翼 栄えある未来へ 気合を込めて 放つ一撃 未来を拓け 〇〇〇〇 茂木栄五郎
90%
東北の大空に 新たな歴史描け燦然といつまでも 輝き続けろ 松井稼頭央
88%
進め!真っ直ぐに 栄光に向かって風を切り裂いて走れ 我らの〇〇 渡辺直人
85%
光るリードを見せてくれ 今その身に期待を背負い強肩巧打で敵を討ち 未来を切りひらけ 嶋基宏
85%
オオーオオーレッツゴー〇〇オオーオオオオ レッツゴー〇〇(〇〇!) オオーオオーレッツゴー〇〇 打て〇〇〇〇 さあ突き進め 今夢が動き出す  全力で駆け上がれ 誰より高き場所へ  まだ見ぬ明日を開け オコエ瑠偉
83%
今燃え上がれ 新たな未来へ この一打に懸けろ 〇〇〇〇 翳す掌 新たな未来へ 今描いた道を 熱い志に 今江年晶
83%
さあ駆け出そう 自慢の脚で彼方へとがむしゃらに突っ走れ 頂点目指して 聖澤諒
83%
旋風巻き起こせいざ フルスイングで ぶ!ち!こ!め! 〇〇〇〇 ペゲーロ
78%
胸に秘めたる魂を 解き放ちて華麗に駆け抜けろ 魅せろよ〇〇 高須洋介
78%
勝利の道へ 我等を誘え鋼鉄の脚でフィールド 駆け抜ける風になれ 鉄平
78%
南の空に 思いを馳せて〇〇〇〇 お前の出番だ 伊志嶺忠
70%
その力と技で ボールを弾き返せ〇〇〇〇 遠くへ飛ばせ 夢へと向かってまっしぐら 皆の声を背に 怯まず進め いざゆけ〇〇 足立祐一
68%
大きく振りぬけ 志高く 希望の道を 拓け〇〇 中川大志
68%
漲る力 打球に乗せて 静寂切り裂く一撃で この空焦がせよ フェルナンデス
65%
みんなが待ってるホームラン(〇〇!)みんなが待ってるホームラン(〇〇!) 弾丸ライナー飛んでゆけ(〇〇!) はるか遠く ブラッシュ
63%
今ここで見せてくれ 鋭い一振りを 東北の期待受けて 輝けよ〇〇 後藤光尊
63%
貫け不滅の意志 強い視線離さず 更なる時へ進め いざ行け! 尽き果てるまで苦難を胸に 牧田明久
63%
翼広げて 今飛び立とう 遥かな空へ 期待背負っていざ挑め 歓喜溢れるスタンドに 弾丸ライナー叩き込み 勝利を掴み取れ 中村紀洋
63%
気魄を漲らせて 飛ばせ!高く!遠く!勝利信じ君は今 夢の途中 吉岡雄二
63%
鋼と研ぎ澄まされた 男〇〇の一振り闇を切る光となり 我等を導け 岩村明憲
60%
熱い心が 勝利への希望 信じる道迷わず行け 〇〇〇〇 炭谷銀仁朗
58%
さあ突き破れ 未来の扉 パワーとセンスの 一撃みせろ 西田哲朗
58%
コンパクトに振り抜け シャープな一打今大空切り裂き 飛ばせ彼方へ 中島俊哉
55%
〇〇の英雄 宮城の星よ 我らの夢乗せて 光り輝け 小坂誠
55%
強く振り抜け 今ここで 〇〇!立ち向かえ 川島慶三
50%
鍛えし男の 闘志が燃える ここで一振り 特大アーチ 憲史
50%
熱き想い抱きしめ 果てない夢と 白球あの大空の 彼方へ運べ 礒部公一
48%
熱き鼓動 感じるまま進め 不屈の闘志輝かせ 明日を掴み取れ 塩川達也
40%
No matching quizzes found
Score Distribution
Percent of People with Each Score
Percentile by Number Answered
Your Score History
You have not taken this quiz